000 00299nam a22001337a 4500
008 180813b xxu||||| |||| 00| 0 eng d
020 _a9789996015687
041 _aeng
080 _24 ED
_a61
100 _a3
101 _aSHM
245 _aLONG TERM CARE ASSISTANRS
_cCOREK.B
942 _2udc
_cBK
999 _c47053
_d47053